Statistics for Writings to Philosophers

Click here to take the quiz!

General Stats

  • This quiz has been taken 19 times
  • The average score is 9 of 15

Answer Stats

HintAnswer% Correct
Communist ManifestoKarl Marx
94%
The RepublicPlato
94%
Nicomachean EthicsAristotle
88%
Critique of Pure ReasonImmanuel Kant
88%
Social ContractJean-Jacques Rousseau
76%
CandideVoltaire
76%
The AnalectsConfucius
59%
Tabula RasaJohn Locke
59%
Meditations on First PhilosophyRene Descartes
59%
Summa TheologicaThomas Aquinas
53%
Either/OrSoren Kierkegaard
47%
The EthicsBaruch Spinoza
41%
Tao Te ChingLao Tzu
41%
The World as Will and RepresentationArthur Schopenhauer
35%
Beyond Good and EvilFriedrich Nitezsche
0%

Score Distribution

Percentile by Number Answered

Percent of People with Each Score

Your Score History

You have not taken this quiz